Práca v zahraničí - Slovinsko

Povolenie na pobyt a registrácia cudzincov v Slovinsku. Ako si nájsť prácu. Minimálna mzda. Podnikanie. Systém sociálneho zabezpečenia. Povinné zdravotné poistenie. Peňažné nemocenské dávky. Dávky v materstve a v otcovstve. Starobné dôchodky. Rodinné dávky. Dávky v nezamestnanosti. Užitočné webové s...

Descrizione completa

Salvato in:
Dettagli Bibliografici
Autore principale: Kubovičová, Zuzana
Natura: Capitolo di libro
Lingua:slovacco
Soggetti:
Tags: Aggiungi Tag
Nessun Tag, puoi essere il primo ad aggiungerne!!

MARC

LEADER 00000naa a2200000 4500
001 0227234
005 20221104112040.0
041 0 |a slo 
044 |a SK 
245 1 0 |a Práca v zahraničí - Slovinsko  |c Zuzana Kubovičová 
520 |a Povolenie na pobyt a registrácia cudzincov v Slovinsku. Ako si nájsť prácu. Minimálna mzda. Podnikanie. Systém sociálneho zabezpečenia. Povinné zdravotné poistenie. Peňažné nemocenské dávky. Dávky v materstve a v otcovstve. Starobné dôchodky. Rodinné dávky. Dávky v nezamestnanosti. Užitočné webové stránky. 
610 2 0 |a práca v zahraničí 
610 2 0 |a starostlivosť zdravotná 
610 2 0 |a zabezpečenie sociálne 
610 2 0 |a dávky poistenia nemocenského 
610 2 0 |a dôchodky starobné 
610 2 0 |a dávky v nezamestnanosti 
610 2 0 |a dávky v materstve 
610 2 0 |a podnikanie 
610 2 0 |a Slovinsko 
100 1 |a Kubovičová, Zuzana